| 000 | 00870nam a22002177a 4500 | ||
|---|---|---|---|
| 005 | 20120814103027.0 | ||
| 010 | _aB-456803 | ||
| 020 |
_a9788129118042 _c595.00 |
||
| 035 | _aB-456803 | ||
| 037 |
_adpl _bK.K.Pub/Ven |
||
| 082 | _a328.3340954 | ||
| 100 |
_aGadbole, Madhav _951150 |
||
| 245 |
_aIndia's parliamentary democracy on trial/ _cby Madhav Godbole |
||
| 260 |
_aNew Delhi _bRupa _c2011 |
||
| 270 |
_a7/16 Ansari road daryaganj _bNew Delhi _e110002 |
||
| 300 |
_a419p. _c23cm. (Hb) |
||
| 500 | _ait includes index | ||
| 942 |
_2ddc _cEN _mGOD _h328.3340954 |
||
| 999 |
_c68998 _d68998 |
||